000 00754nam a2200241Ia 4500
999 _c41206
_d41206
001 7858
003 GE_BSU
005 20220927121831.0
008 181216s2010fr xx |||||||||||||| ||fre||
020 _a9782849025888
040 _cGE_BSU
041 _afre, eng
080 _a81'374.822+811.133.1+811.111(038) D-84
100 _aCollins,Robert
_914848
245 _aDictionaire :
_bFrançais-anglais,anglais-Français /
_cRobert Collins
260 _aParis
264 _aParis :
_bReprint,
_c2010.
300 _a2219 p.:
_bmap;
_c28 cm.
653 _aDictionaire
653 _aFrançais-anglais,anglais-Français
653 _aფრანგულ-ინგლისური, ინგლისურ-ფრანგული
942 _cBK
_2udc